| 000 | 00997cam a2200277 a 4500 | ||
|---|---|---|---|
| 001 | 000011059 | ||
| 005 | 20200929162341.0 | ||
| 008 | 840426s1983 sp ac b 000 0cspa d | ||
| 020 | _a840005329X | ||
| 035 | _a(DLC) 84154733 | ||
| 040 |
_aDO-SdBNP _cDLC _dDLC _dBNPHU |
||
| 082 |
_a610.924655 _bZ93m |
||
| 100 | 1 |
_aZubiri Vidal, Fernando. _926534 |
|
| 245 | 1 | 0 |
_aMédicos aragoneses ilustres / _cFernando Zubiri Vidal ; prólogo Ricardo Horno Liria. |
| 260 |
_aZaragoza : _bDiputación Provincial, _bInstitución "Fernando el Católico", _c[1983?]. |
||
| 300 |
_a395 p. : _bil., retrs. ; _c22 cm. |
||
| 490 | 1 |
_aTemas aragoneses _v45 |
|
| 504 | _aBibliografía (p. 393-395) | ||
| 650 | 4 |
_aMédicos _zEspaña _zAragón _xBiografías _926535 |
|
| 650 | 4 |
_aMédicos _xBiografías _91119 |
|
| 650 | 4 |
_aMédicos españoles _xBiografías _926536 |
|
| 700 | 1 |
_aHorno Liria, Ricardo _epról. _926537 |
|
| 830 | 0 |
_aTemas aragoneses ; _v45 _918579 |
|
| 910 | _aCatalogación por copia / LC | ||
| 049 | _aBNGR | ||
| 999 |
_c10785 _d10785 |
||